|
|
|
|
| LEADER |
01468nam a2200409Ia 4500 |
| 001 |
EBC1019355 |
| 003 |
MiAaPQ |
| 005 |
20200520144314.0 |
| 006 |
m o d | |
| 007 |
cr cn||||||||| |
| 008 |
120808s2012 enka sb 000 0 eng d |
| 020 |
|
|
|z 1781900248
|
| 020 |
|
|
|z 1781900256
|
| 020 |
|
|
|z 9781781900246
|
| 020 |
|
|
|z 9781781900253
|
| 035 |
|
|
|a (MiAaPQ)EBC1019355
|
| 035 |
|
|
|a (Au-PeEL)EBL1019355
|
| 035 |
|
|
|a (CaPaEBR)ebr10597037
|
| 035 |
|
|
|a (CaONFJC)MIL390118
|
| 035 |
|
|
|a (OCoLC)811576288
|
| 040 |
|
|
|a MiAaPQ
|c MiAaPQ
|d MiAaPQ
|
| 050 |
|
4 |
|a HD30.28
|b .H578 2012
|
| 245 |
0 |
0 |
|a History and strategy
|h [electronic resource] /
|c edited by Steven J. Kahl, Brian S. Silverman, Michael A. Cusumano.
|
| 260 |
|
|
|a Bingley :
|b Emerald,
|c c2012.
|
| 300 |
|
|
|a xxi, 350 p. :
|b ill.
|
| 490 |
1 |
|
|a Advances in strategic management ;
|v . 29
|
| 504 |
|
|
|a Includes bibliographical references.
|
| 533 |
|
|
|a Electronic reproduction. Ann Arbor, MI : ProQuest, 2015. Available via World Wide Web. Access may be limited to ProQuest affiliated libraries.
|
| 650 |
|
0 |
|a Strategic planning.
|
| 650 |
|
0 |
|a Business planning.
|
| 655 |
|
4 |
|a Electronic books.
|
| 700 |
1 |
|
|a Kahl, Steven J.
|
| 700 |
1 |
|
|a Silverman, Brian S.
|
| 700 |
1 |
|
|a Cusumano, Michael A.,
|d 1954-
|
| 710 |
2 |
|
|a ProQuest (Firm)
|
| 830 |
|
0 |
|a Advances in strategic management ;
|v v. 29.
|
| 856 |
4 |
0 |
|u https://ebookcentral.proquest.com/lib/matrademy/detail.action?docID=1019355
|z Click to View
|